000
00339pam a2200157a 44500
008
230515b1990 xxu||||| |||| 00| 0 eng d
020
_a
NULL
041
_a
ENGLISH
082
_a
630
100
_a
DR DESAI S S M
245
_a
A TEXT BOOK OF HUMANITIES
250
_a
0
260
_a
PUNE
_b
N/A
_c
1990
300
_a
380
650
_a
NULL
999
_c
651257
_d
651257